|
|
|
|
| LEADER |
00735nam a2200217Ia 4500 |
| 008 |
140316s9999 xx 000 0 und d |
| 020 |
|
|
|a 019 566878 2
|
| 082 |
|
|
|a 598
|b SAT/BI
|
| 100 |
|
|
|a Satish Pande,
|
| 245 |
|
|
|a Birds of western ghats, Kokan and Malabar (Including birds of Goa)
|
| 260 |
|
|
|a Mumbai
|b Bombay Natural History Society
|c 2003
|
| 300 |
|
|
|a 372
|
| 650 |
|
|
|a Nocturnal Birds
|
| 650 |
|
|
|a Small Aerial Birds
|
| 700 |
|
|
|a Clement Francis M
|
| 700 |
|
|
|a Niranjan Sant
|
| 700 |
|
|
|a Saleel Tambe
|
| 700 |
|
|
|a Satish Pande
|
| 942 |
|
|
|2 ddc
|c BK
|
| 999 |
|
|
|c 4805
|d 4805
|
| 952 |
|
|
|0 0
|1 0
|2 ddc
|4 0
|6 598_000000000000000_SATBI
|7 0
|9 5791
|a KAUCLV
|b KAUCLV
|c GENERAL
|d 2014-03-18
|l 1
|o 598 SAT/BI
|p 211057
|r 2019-05-25
|s 2015-12-22
|w 2014-03-18
|y BK
|